000 00488 a2200109 4500
001 ART_15658
005 20260410161918.0
008 260409a
245 1 0 _aSupuestos ontólogicos, epistemológicos y éticos que subyacen a la diciplina contabilidad y ubicación de la misma dentro de la tecnofilasofía
100 1 _aPiacquadío, Cecilia
773 0 _tDocumentos de trabajo de contabilidad, auditoría y responsabilidad social
_g- Año 1, Nº 2 (dic. 2011)
_wREV14385
999 _c27444
_d27444